00915nam a22002537a 450000500170000001000150001702000270003203500140005903700130007308200110008610000200009724500660011725000650018326000310024827000790027930000430035850000190040150500270042070000200044770000250046794200250049299900190051795201250053620171103121119.0 aENG-121141 a9788131252550c2795.00 aEN-104673 bDBAD/PUB a342.54 aBasu, Durga Das aCommentary on the Constitution of India /cby Durga Das Basu  a9th ed by S.S. Subramani ; foreworded by M.N. Venkatachaliah aGurgaonbLexis Nexisc2017 a14th Floor, Bldg No.10, Tower-B, DLF Cyber City, Phase-IIbGurgaone122002 aV.9-(ccxI,9125-10267 [27])p.c25cm(Hb) aIncludes index aV.9- Article 124 to213 aSubramani, S.S. a Venkatachaliah,M.N. 2ddccENmBASh342.54 c147095d147095 001040718NFICaDBADbBNd2017-11-02eDBAD/PUBg2795.00l0o342.54 BASpEN-104673r2017-11-02 00:00:00t1v2795.00yEN